<?xml version="1.0" encoding="UTF-8"?>
<marc:record xmlns:marc="http://www.loc.gov/MARC21/slim">
   <marc:leader>00000nam a2200000 a 4500</marc:leader>
   <marc:datafield ind1=" " ind2=" " tag="653">
      <marc:subfield code="a">Elektroauto</marc:subfield>
   </marc:datafield>
   <marc:datafield ind1=" " ind2=" " tag="653">
      <marc:subfield code="a">E-Autos</marc:subfield>
   </marc:datafield>
   <marc:datafield ind1="0" ind2="0" tag="245">
      <marc:subfield code="a">GEO - Ausgabe 11/2017</marc:subfield>
   </marc:datafield>
   <marc:datafield ind1="0" ind2="0" tag="245">
      <marc:subfield code="b">Die Welt mit anderen Augen sehen</marc:subfield>
   </marc:datafield>
   <marc:datafield ind1=" " ind2="1" tag="264">
      <marc:subfield code="c">2017</marc:subfield>
   </marc:datafield>
   <marc:datafield ind1="1" ind2=" " tag="520">
      <marc:subfield code="a">Wüste Luft 78,2 °C - Eine GEO-Expedition entdeckt den heißesten Ort der Werde. Wieso gibt es dort Leben?
- E-Autos: Wie gut können Akkus sein?
- Hypochondrie: Krank vor Angst vor dem Kranksein
- Herero: Ein Volk verklagt Deutschland
- Tier-Experiment: Als Delfine sprechen lernen sollten</marc:subfield>
   </marc:datafield>
</marc:record>
